000 00439pab a2200181 454500
008 180718b2007 xxu||||| |||| 00| 0 eng d
100 _aChaturvedi, Priyanka
245 _aEnergy conserving practices of urban households
260 _c2007
300 _ap.49-53.
362 _a29 Oct
650 _aHouseholds
650 _aEnergy conservation
700 _aJain, Ritu
773 _aUniversity News
908 _aN
909 _a76305
999 _c76305
_d76305